[Event "4NCL 2023-24"]
[Site "England ENG"]
[Date "2024.01.14"]
[Round "4.4"]
[Board "5"]
[White "Ledger, Dave J"]
[Black "Josse, Mark"]
[Result "1-0"]
[WhiteTitle "FM"]
[BlackTitle "CM"]
[WhiteElo "2207"]
[BlackElo "2153"]
[WhiteTeam "Blackthorne"]
[BlackTeam "Barnet Knights A"]
[WhiteFideId "401986"]
[BlackFideId "414476"]
[EventDate "2023.11.11"]

1. e4 c5 2. Nf3 d6 3. d4 cxd4 4. Nxd4 Nf6 5. Nc3 a6 6. Be3 e6 7. g4 b5 8. Bg2
Bb7 9. a3 Qc7 10. h4 d5 11. exd5 b4 12. axb4 Bxb4 13. O-O Bxc3 14. d6 Qd7 15.
Bxb7 Qxb7 16. bxc3 O-O 17. c4 Nbd7 18. f3 Ne8 19. Nb3 Ne5 20. Na5 Qd7 21. c5 f5
22. g5 f4 23. Bd4 Ng6 24. Bf2 Rf5 25. Nc4 Ne5 26. Nb6 Qf7 27. Re1 Rd8 28. Rxa6
h6 29. gxh6 Qh5 30. Rxe5 Rxe5 31. Ra4 g5 32. d7 Nc7 33. Qd6 gxh4 34. Rxf4 Rg5+
35. Kf1 h3 36. Qxc7 h2 37. Qxd8+ Kh7 38. Qe7+ Kxh6 39. Rf6+ Rg6 40. Be3+ 1-0

[Event "4NCL 2023-24"]
[Site "England ENG"]
[Date "2024.01.14"]
[Round "4.4"]
[Board "6"]
[White "Mirzoeva, Elmira"]
[Black "Webb, Laurence E"]
[Result "1-0"]
[WhiteTitle "WGM"]
[BlackTitle "FM"]
[WhiteElo "2250"]
[BlackElo "2183"]
[WhiteTeam "Barnet Knights A"]
[BlackTeam "Blackthorne"]
[WhiteFideId "4127951"]
[BlackFideId "402389"]
[EventDate "2023.11.11"]

1. d4 Nf6 2. c4 e6 3. Nf3 Bb4+ 4. Nbd2 O-O 5. a3 Be7 6. e4 d6 7. Be2 c5 8. d5 e5
9. b4 Nbd7 10. O-O g6 11. Ne1 a5 12. bxa5 Rxa5 13. Nd3 Ne8 14. Bb2 Ng7 15. g3 f5
16. f4 exf4 17. Nxf4 Bf6 18. Qc2 Ne5 19. Rf2 Ra6 20. Raf1 Qe7 21. Nd3 Rb6 22.
Bc3 h5 23. Nf4 Kh7 24. a4 Ra6 25. a5 b6 26. exf5 Bxf5 27. Ne4 bxa5 28. Nxf6+
Rxf6 29. Qb2 Ra8 30. Nd3 Rff8 31. Nxe5 dxe5 32. Bxe5 Rae8 33. Bc3 a4 34. Re1 Qa7
35. Ra1 Ra8 36. Be5 Be4 37. Rxf8 Rxf8 38. Bxg7 Qxg7 39. Qxg7+ Kxg7 40. Rxa4 Kf6
41. Ra5 Rc8 42. Kf2 Ke5 43. Ke3 Bf5 44. Bd3 h4 45. Bxf5 Kxf5 46. gxh4 Re8+ 47.
Kf3 Rc8 48. Ke3 Re8+ 49. Kd3 Rc8 50. Ra6 Rb8 51. Rc6 Rb3+ 52. Kc2 Rh3 53. Rxc5
Rxh2+ 54. Kc3 Rxh4 55. Rc7 Rh8 56. Rf7+ Ke5 57. Re7+ Kf6 58. d6 g5 59. c5 g4 60.
Re2 Rd8 61. Kd4 g3 62. Kd5 Rg8 63. d7 Kf7 64. Kd6 g2 65. Rf2+ 1-0

[Event "4NCL 2023-24"]
[Site "England ENG"]
[Date "2024.01.14"]
[Round "4.4"]
[Board "7"]
[White "Varney, Zoe"]
[Black "Dasgupta, Avyukt"]
[Result "1-0"]
[WhiteTitle "WCM"]
[WhiteElo "2105"]
[BlackElo "2012"]
[WhiteTeam "Blackthorne"]
[BlackTeam "Barnet Knights A"]
[WhiteFideId "436135"]
[BlackFideId "480630"]
[EventDate "2023.11.11"]

1. e4 e6 2. d4 d5 3. Nc3 Bb4 4. exd5 exd5 5. Bd3 Nc6 6. Nf3 Bg4 7. O-O Nxd4 8.
Qe1+ Ne6 9. Ne5 Bh5 10. f4 f6 11. Qh4 Bf7 12. Nxf7 Kxf7 13. f5 Bc5+ 14. Kh1 Ng5
15. Nxd5 Ne7 16. Nf4 Qd4 17. c3 Qd6 18. Bc4+ Ke8 19. Qh5+ Kd7 20. Rd1 Nxf5 21.
Rxd6+ Nxd6 22. Ne6 Nxe6 23. Bxe6+ 1-0

[Event "4NCL 2023-24"]
[Site "England ENG"]
[Date "2024.01.14"]
[Round "4.4"]
[Board "8"]
[White "Willmoth, Robert F"]
[Black "Nelson, Jonathan P"]
[Result "1/2-1/2"]
[WhiteTitle "CM"]
[WhiteElo "2104"]
[BlackElo "2134"]
[WhiteTeam "Barnet Knights A"]
[BlackTeam "Blackthorne"]
[WhiteFideId "402540"]
[BlackFideId "404195"]
[EventDate "2023.11.11"]

1. d4 Nf6 2. Nf3 d6 3. e3 g6 4. Be2 Bg7 5. c4 O-O 6. Nc3 c5 7. O-O Nc6 8. d5 Na5
9. Nd2 e6 10. Rb1 exd5 11. cxd5 Re8 12. Qc2 Bd7 13. e4 a6 14. a4 Rb8 15. Re1 b5
16. axb5 axb5 17. b3 Ng4 18. Bxg4 Bxg4 19. Bb2 Bd7 20. Ra1 c4 21. b4 Nb7 22. Ne2
Rc8 23. Bxg7 Kxg7 24. Qc3+ f6 25. Ra7 Rc7 26. Qd4 Qb8 27. Rea1 Qd8 28. Nc3 Nc5
29. bxc5 dxc5 30. Qe3 b4 31. Nxc4 bxc3 32. f3 c2 33. Qc3 Qb8 34. Rxc7 Qxc7 35.
Qxc2 Rb8 36. Qc3 Rb4 37. g3 Qb7 38. Nd2 Qb6 39. Kg2 Rb2 40. Rf1 h5 41. Rf2 h4
42. gxh4 Rb4 43. f4 Rd4 44. h5 gxh5 45. f5 Be8 46. Qg3+ Kf8 47. Kh3 Qa6 48. Rg2
Bf7 49. Qb8+ Ke7 50. Qc7+ Ke8 51. Kh4 Qd3 52. Qc8+ Ke7 53. Qxc5+ Ke8 54. Qc6+
Ke7 55. Qc7+ Ke8 56. Rf2 Bxd5 57. Qc8+ Ke7 58. Qc7+ Ke8 59. Qg3 Bxe4 60. Qxd3
Bxd3+ 61. Kxh5 Bxf5 62. Rxf5 Rxd2 63. h4 Kf7 64. Kh6 Rg2 65. Ra5 Rg6+ 66. Kh5
Rg2 67. Ra7+ Ke6 68. Kh6 f5 69. Ra8 f4 70. Rf8 Ke5 71. h5 Ke4 72. Re8+ Kd3 1/2-1/2

[Event "4NCL 2023-24"]
[Site "England ENG"]
[Date "2024.01.14"]
[Round "4.5"]
[Board "1"]
[White "Kilpatrick, Callum"]
[Black "Powierski, Emil"]
[Result "0-1"]
[WhiteTitle "IM"]
[WhiteElo "2385"]
[BlackElo "2288"]
[WhiteTeam "Celtic Tigers 1"]
[BlackTeam "Oxford 1"]
[WhiteFideId "414425"]
[BlackFideId "4656199"]
[EventDate "2023.11.11"]

1. e4 c5 2. Nf3 e6 3. d4 cxd4 4. Nxd4 Nf6 5. Nc3 Nc6 6. a3 d6 7. g3 Be7 8. Bg2
Nxd4 9. Qxd4 e5 10. Qd3 O-O 11. Bg5 Be6 12. O-O Rc8 13. Rfd1 Qb6 14. Bxf6 Bxf6
15. Rab1 Be7 16. h4 Rc4 17. Qf3 a6 18. Bf1 Rc6 19. Re1 Qc7 20. Bd3 Qd7 21. Nd5
Bxd5 22. exd5 Rc5 23. b4 Rc7 24. c4 f5 25. Qe3 Bf6 26. Bf1 e4 27. Rbc1 Kh8 28.
Kg2 Qf7 29. c5 Be5 30. Red1 f4 31. Qxe4 fxg3 32. f3 Bf4 33. Rc4 g5 34. Bd3 Re7
35. Qd4+ Be5 36. Qg4 h5 37. Qe4 Bb2 38. Qf5 Qxf5 39. Bxf5 Rxf5 40. cxd6 Rd7 41.
Rc8+ Kg7 42. Rc7 Rff7 43. hxg5 Be5 0-1

[Event "4NCL 2023-24"]
[Site "England ENG"]
[Date "2024.01.14"]
[Round "4.5"]
[Board "2"]
[White "Zakarian, David"]
[Black "Pein, Malcolm"]
[Result "0-1"]
[WhiteTitle "FM"]
[BlackTitle "IM"]
[WhiteElo "2293"]
[BlackElo "2274"]
[WhiteTeam "Oxford 1"]
[BlackTeam "Celtic Tigers 1"]
[WhiteFideId "13301276"]
[BlackFideId "400289"]
[EventDate "2023.11.11"]

1. e4 e5 2. f4 exf4 3. Bc4 Qh4+ 4. Kf1 d5 5. Nf3 Qh5 6. exd5 Bd6 7. d4 Nf6 8.
Qe1+ Kf8 9. Nc3 Bg4 10. Ne5 f3 11. Qg3 Nbd7 12. Bf4 g5 13. Nxd7+ Nxd7 14. Bxd6+
cxd6 15. Bd3 Nf6 16. h3 Re8 17. Kf2 Bd7 18. gxf3 Qh6 19. Qxd6+ Kg7 20. Kg2 g4
21. hxg4 Qd2+ 22. Kg3 h5 23. Raf1 h4+ 24. Rxh4 Rxh4 25. Kxh4 Rh8+ 0-1

[Event "4NCL 2023-24"]
[Site "England ENG"]
[Date "2024.01.14"]
[Round "4.5"]
[Board "3"]
[White "Gallana, Marco"]
[Black "Claridge-Hansen, William"]
[Result "0-1"]
[BlackTitle "FM"]
[WhiteElo "2258"]
[BlackElo "2366"]
[WhiteTeam "Celtic Tigers 1"]
[BlackTeam "Oxford 1"]
[WhiteFideId "824542"]
[BlackFideId "422509"]
[EventDate "2023.11.11"]

1. Nf3 Nf6 2. c4 e6 3. e3 b6 4. Nc3 Bb7 5. b3 d5 6. cxd5 exd5 7. Bb2 Nbd7 8. Rc1
a6 9. Ne2 Bd6 10. Ned4 c5 11. Nf5 Bf8 12. Be2 g6 13. Ng3 Bd6 14. d4 Qe7 15. O-O
h5 16. Bd3 h4 17. e4 hxg3 18. e5 Ng4 19. hxg3 Bc7 20. dxc5 Bc8 21. e6 Ndf6 22.
exf7+ Qxf7 23. Re1+ Kd8 24. Ng5 Qf8 25. Qe2 Rh5 26. Ba3 Rxg5 27. cxb6 Bd6 28. b7
Bxb7 29. Qd2 Re5 30. Qa5+ Kd7 31. Qb6 Rb8 32. Bxg6 Ne4 33. f3 Ba8 34. Qa7+ Rb7
35. Bxd6 Qxd6 36. Qd4 Qxg6 37. Rxe4 Rxe4 38. Qxd5+ Qd6 39. Qf7+ Kd8 40. Qg8+ Re8
41. Qxg4 Rc7 0-1

[Event "4NCL 2023-24"]
[Site "England ENG"]
[Date "2024.01.14"]
[Round "4.5"]
[Board "4"]
[White "Macfarlane, Donald"]
[Black "Horton, Jamie A"]
[Result "0-1"]
[WhiteElo "2184"]
[BlackElo "2190"]
[WhiteTeam "Oxford 1"]
[BlackTeam "Celtic Tigers 1"]
[WhiteFideId "343402100"]
[BlackFideId "421472"]
[EventDate "2023.11.11"]

1. c4 c5 2. Nf3 g6 3. g3 Bg7 4. Bg2 Nc6 5. O-O d6 6. Nc3 Bf5 7. h3 e5 8. a3 a5
9. d3 Nge7 10. Bg5 f6 11. Bd2 O-O 12. Ne1 Be6 13. Nd5 Rb8 14. a4 b6 15. Nc2 Qd7
16. Kh2 Kh8 17. Nce3 f5 18. Nxe7 Nxe7 19. Nd5 h6 20. f4 Kh7 21. Qb3 Qd8 22. Rae1
Nxd5 23. Bxd5 Qd7 24. e4 fxe4 25. Bxe6 Qxe6 26. Rxe4 Qd7 27. Rfe1 Qc6 28. Bc3
Rb7 29. fxe5 dxe5 30. Qc2 Rbf7 31. Kg2 Rf3 32. Qe2 Qf6 33. Rf4 0-1

[Event "4NCL 2023-24"]
[Site "England ENG"]
[Date "2024.01.14"]
[Round "4.5"]
[Board "5"]
[White "Pein, Jonathan"]
[Black "Cont, Arya"]
[Result "1-0"]
[WhiteTitle "FM"]
[WhiteElo "2235"]
[BlackElo "2062"]
[WhiteTeam "Celtic Tigers 1"]
[BlackTeam "Oxford 1"]
[WhiteFideId "417092"]
[BlackFideId "26100363"]
[EventDate "2023.11.11"]

1. e4 e5 2. Nc3 Nf6 3. d4 exd4 4. Qxd4 Nc6 5. Qd3 Bb4 6. Bd2 O-O 7. O-O-O d6 8.
Qg3 Ne5 9. f3 Be6 10. h4 Nh5 11. Qh2 f5 12. exf5 Bxf5 13. g4 Nxf3 14. Nxf3 Bxg4
15. Bc4+ Kh8 16. Ng5 Bxd1 17. Rxd1 Qd7 18. Be6 Qe8 19. Qe2 Nf6 20. Qc4 Ba5 21.
Nf7+ Rxf7 22. Bxf7 Qd7 23. h5 c6 24. Be6 d5 25. Qe2 Qe7 26. Bg4 Qd6 27. h6 gxh6
28. Qf3 Rg8 29. Bf5 Rg3 30. Qf1 Nh5 31. Kb1 Qf8 32. Qf2 Bb6 33. Qf1 Ba5 34. Bd3
Rf3 35. Qe1 Ng7 36. Bxh6 Rf6 37. Bd2 Ne6 38. Qe5 Bc7 39. Qh5 Qf7 40. Qh4 Nf4 41.
Bxh7 1-0

[Event "4NCL 2023-24"]
[Site "England ENG"]
[Date "2024.01.14"]
[Round "4.5"]
[Board "6"]
[White "Zakarian, Dimitrios Levon"]
[Black "Quinn, John M"]
[Result "1/2-1/2"]
[WhiteElo "1966"]
[BlackElo "2075"]
[WhiteTeam "Oxford 1"]
[BlackTeam "Celtic Tigers 1"]
[WhiteFideId "453080"]
[BlackFideId "405043"]
[EventDate "2023.11.11"]

1. d4 Nf6 2. c4 g6 3. h4 c5 4. d5 b5 5. h5 d6 6. e4 Nbd7 7. hxg6 fxg6 8. Nf3 Bg7
9. Qc2 O-O 10. cxb5 a6 11. bxa6 Bxa6 12. Bxa6 Qa5+ 13. Nc3 Qxa6 14. Qe2 Qxe2+
15. Kxe2 Rfb8 16. Ng5 Nf8 17. f4 N6d7 18. Kd3 Rb4 19. Kc2 Nb6 20. Re1 Rc4 21.
Bd2 Na4 22. e5 Nxc3 23. bxc3 Rca4 24. Kb2 Rb8+ 25. Kc2 1/2-1/2

[Event "4NCL 2023-24"]
[Site "England ENG"]
[Date "2024.01.14"]
[Round "4.5"]
[Board "7"]
[White "Zulfic, Fedja"]
[Black "Hansen, Hans-Peter"]
[Result "1/2-1/2"]
[WhiteElo "2100"]
[BlackElo "2167"]
[WhiteTeam "Celtic Tigers 1"]
[BlackTeam "Oxford 1"]
[WhiteFideId "3208427"]
[BlackFideId "1503502"]
[EventDate "2023.11.11"]

1. e4 c6 2. Nc3 d5 3. Nf3 dxe4 4. Nxe4 Nf6 5. Qe2 Nxe4 6. Qxe4 Nd7 7. d4 Nf6 8.
Qd3 Bg4 9. Ne5 Bh5 10. Bf4 e6 11. h3 Qd5 12. Rg1 Rd8 13. c3 Nd7 14. Qe3 Nxe5 15.
Qxe5 1/2-1/2

[Event "4NCL 2023-24"]
[Site "England ENG"]
[Date "2024.01.14"]
[Round "4.5"]
[Board "8"]
[White "Hariharan, Shambavi"]
[Black "Serbanescu, Diana-Maria"]
[Result "1/2-1/2"]
[BlackTitle "CM"]
[WhiteElo "1867"]
[BlackElo "1990"]
[WhiteTeam "Oxford 1"]
[BlackTeam "Celtic Tigers 1"]
[WhiteFideId "488160"]
[BlackFideId "1200550"]
[EventDate "2023.11.11"]

1. d4 Nf6 2. c4 g6 3. Nf3 Bg7 4. g3 d6 5. Bg2 c5 6. Nc3 Nfd7 7. O-O Nc6 8. Be3
O-O 9. Qd2 cxd4 10. Bxd4 Nxd4 11. Nxd4 Ne5 12. b3 Rb8 13. Rac1 Qa5 14. Rfd1 Ng4
15. h3 Bh6 16. e3 Ne5 17. Nd5 Qd8 18. Kh2 Bd7 19. Nf3 Nxf3+ 20. Bxf3 Bc6 21. Bg2
Bxd5 22. cxd5 Qd7 23. Rc2 1/2-1/2

[Event "4NCL 2023-24"]
[Site "England ENG"]
[Date "2024.01.14"]
[Round "4.6"]
[Board "1"]
[White "Chow, Samuel"]
[Black "Waldhausen Gordon, Frederick"]
[Result "1-0"]
[WhiteTitle "FM"]
[BlackTitle "FM"]
[WhiteElo "2356"]
[BlackElo "2376"]
[WhiteTeam "Chessable White Rose 2"]
[BlackTeam "Alba"]
[WhiteFideId "3202992"]
[BlackFideId "2409143"]
[EventDate "2023.11.11"]

1. d4 Nf6 2. c4 e6 3. Nc3 Bb4 4. e3 O-O 5. Bd2 d5 6. Nf3 b6 7. cxd5 exd5 8. Bd3
Bb7 9. O-O a6 10. Rc1 Bd6 11. Ne5 Ne4 12. f4 c5 13. Be1 Qe7 14. Qh5 g6 15. Qh6
Nxc3 16. Rxc3 f6 17. Nxg6 hxg6 18. Bxg6 Qg7 19. Qh5 Qh8 20. Qf5 Ra7 21. e4 Bc6
22. Rg3 Rd8 23. e5 Bd7 24. e6 Bc6 25. Bh7+ Kf8 26. Rg8+ Qxg8 27. Qxf6+ 1-0

[Event "4NCL 2023-24"]
[Site "England ENG"]
[Date "2024.01.14"]
[Round "4.6"]
[Board "2"]
[White "Olson, Hamish"]
[Black "Ashton, Adam G"]
[Result "1-0"]
[WhiteTitle "FM"]
[BlackTitle "FM"]
[WhiteElo "2359"]
[BlackElo "2282"]
[WhiteTeam "Alba"]
[BlackTeam "Chessable White Rose 2"]
[WhiteFideId "2404257"]
[BlackFideId "410110"]
[EventDate "2023.11.11"]

1. Nf3 d5 2. g3 Nf6 3. Bg2 e6 4. O-O c5 5. d4 Nc6 6. c4 dxc4 7. dxc5 Qxd1 8.
Rxd1 Bxc5 9. Nbd2 c3 10. bxc3 O-O 11. Nb3 Be7 12. Nfd4 Rd8 13. Bg5 Bd7 14. Nxc6
Bxc6 15. Bxc6 bxc6 16. Na5 Rac8 17. Rab1 h6 18. Bxf6 Bxf6 19. c4 Kf8 20. Rd3
Rxd3 21. exd3 Bc3 22. Nb7 Ke7 23. Nc5 Rc7 24. Rb8 Bd4 25. Nb3 Rd7 26. Rc8 Be5
27. Nc5 Rc7 28. Ra8 Bd4 29. Nb3 e5 30. Rb8 Kd7 31. Kg2 f5 32. h4 Bc3 33. Kf3 Kd6
34. Rf8 a5 35. Rd8+ Rd7 36. Ra8 Kc7 37. Ke2 Kb6 38. h5 e4 39. dxe4 fxe4 40. Ra6+
Kxa6 41. Nc5+ Ka7 42. Nxd7 Bd4 43. a4 Kb7 44. Nf8 c5 45. f3 exf3+ 46. Kxf3 Kc6
47. Ke4 Kd6 48. Kf5 Bc3 49. Ne6 Bb2 50. Nf4 Bc3 51. Nd3 Bd4 52. Nc1 Bb2 53. Nb3
Bc3 54. g4 Be1 55. Kg6 Bc3 56. Kf7 Kc6 57. Ke6 Be1 58. Nc1 Bc3 59. Nd3 Bd4 60.
Ne5+ Kb6 61. Kd6 1-0

[Event "4NCL 2023-24"]
[Site "England ENG"]
[Date "2024.01.14"]
[Round "4.6"]
[Board "3"]
[White "Li, Harry"]
[Black "Gourlay, Iain"]
[Result "0-1"]
[BlackTitle "FM"]
[WhiteElo "2107"]
[BlackElo "2307"]
[WhiteTeam "Chessable White Rose 2"]
[BlackTeam "Alba"]
[WhiteFideId "430145"]
[BlackFideId "2401533"]
[EventDate "2023.11.11"]

1. d4 d5 2. c4 e6 3. Nc3 Nf6 4. cxd5 exd5 5. Bg5 Be7 6. Qc2 O-O 7. e3 h6 8. Bh4
Re8 9. Bd3 Nbd7 10. Nge2 c6 11. O-O Nh5 12. Bxe7 Qxe7 13. Rae1 Nf8 14. Rb1 Bg4
15. b4 a6 16. a4 Bxe2 17. Bxe2 Nf6 18. b5 axb5 19. axb5 c5 20. dxc5 Qxc5 21.
Rbc1 Ne6 22. Qf5 Rac8 23. Bd3 Qa3 24. Ne2 Rxc1 25. Nxc1 d4 26. exd4 Nxd4 27. Qf4
Qxd3 28. Nxd3 Ne2+ 29. Kh1 Nxf4 30. Nxf4 Re5 31. Rb1 Ne4 32. Nd3 Rd5 33. Nf4 Rf5
34. g3 Nxf2+ 35. Kg2 Ne4 36. Re1 Nd6 37. Rd1 Nxb5 38. Rd8+ Kh7 39. Rd7 g5 40.
Nd5 Na3 41. g4 Re5 42. Rxf7+ Kg6 43. Rd7 b5 44. Ne7+ Kf6 45. Ng8+ Ke6 46. Rd3
Nc2 47. Kf2 b4 48. Nxh6 Rb5 49. Nf5 b3 50. Rd1 b2 51. Rb1 Rb4 0-1

[Event "4NCL 2023-24"]
[Site "England ENG"]
[Date "2024.01.14"]
[Round "4.6"]
[Board "4"]
[White "McKay, Roderick M"]
[Black "Kisteneva, Lisa"]
[Result "1-0"]
[WhiteTitle "IM"]
[BlackTitle "WFM"]
[WhiteElo "2179"]
[BlackElo "2073"]
[WhiteTeam "Alba"]
[BlackTeam "Chessable White Rose 2"]
[WhiteFideId "2400049"]
[BlackFideId "24124877"]
[EventDate "2023.11.11"]

1. d3 d5 2. f4 g6 3. Nf3 Bg7 4. c3 Nd7 5. e4 e6 6. e5 c5 7. Na3 a6 8. Nc2 Ne7 9.
Be3 b5 10. h4 h5 11. g3 Rb8 12. Ng5 Nf5 13. Bf2 b4 14. cxb4 cxb4 15. Bh3 Qa5 16.
Qd2 Nc5 17. Rc1 Nxd3+ 18. Qxd3 b3+ 19. Qd2 Qxd2+ 20. Kxd2 bxc2 21. Rxc2 Bd7 22.
Bxf5 gxf5 23. Bc5 Bh6 24. Bd6 Rb7 25. Rhc1 Bxg5 26. fxg5 Kd8 27. b3 Re8 28. Rc7
Rxc7 29. Rxc7 Rg8 30. Ra7 Bc6 31. Ke3 Rg7 32. Kd4 Bb5 33. Kc5 Be2 34. Kc6 Bb5+
35. Kb6 d4 36. Be7+ Kc8 37. Ra8+ 1-0

[Event "4NCL 2023-24"]
[Site "England ENG"]
[Date "2024.01.14"]
[Round "4.6"]
[Board "5"]
[White "Townsend, M Paul"]
[Black "Swanson, Stephen"]
[Result "1-0"]
[WhiteElo "2160"]
[BlackElo "2145"]
[WhiteTeam "Chessable White Rose 2"]
[BlackTeam "Alba"]
[WhiteFideId "402320"]
[BlackFideId "2400251"]
[EventDate "2023.11.11"]

1. d4 d6 2. Nf3 g6 3. c4 Bg7 4. Nc3 Nc6 5. d5 Ne5 6. Nxe5 Bxe5 7. e4 Nf6 8. Bd3
O-O 9. O-O e6 10. h3 c6 11. Bg5 Qc7 12. Rc1 Nh5 13. Qd2 Bg7 14. Be2 Nf6 15. Rfd1
Qa5 16. Qf4 Ne8 17. Be7 e5 18. Qd2 c5 19. a3 Qc7 20. Bxf8 Bxf8 21. b4 b6 22. Rb1
Qe7 23. bxc5 dxc5 24. Nb5 Nd6 25. Nxd6 Qxd6 26. Rf1 Bd7 27. Bg4 Be8 28. h4 h5
29. Bh3 Rd8 30. f4 exf4 31. Qxf4 Bg7 32. Qxd6 Rxd6 33. Rb3 a6 34. Kh1 b5 35. Rc1
Bd4 36. g3 Kg7 37. Bf1 bxc4 38. Bxc4 f6 39. Rb7+ Kh6 40. Rcb1 g5 41. R1b6 Rxb6
42. Rxb6 Bg6 43. Re6 Be5 44. Bd3 c4 45. Bc2 Kg7 46. hxg5 1-0

[Event "4NCL 2023-24"]
[Site "England ENG"]
[Date "2024.01.14"]
[Round "4.6"]
[Board "6"]
[White "Berry, Neil"]
[Black "Chan, Sheng Liang Bernard"]
[Result "1-0"]
[WhiteTitle "FM"]
[WhiteElo "2263"]
[BlackElo "2082"]
[WhiteTeam "Alba"]
[BlackTeam "Chessable White Rose 2"]
[WhiteFideId "2400650"]
[BlackFideId "5712858"]
[EventDate "2023.11.11"]

1. d4 Nf6 2. c4 e6 3. Nf3 d5 4. g3 dxc4 5. Bg2 c5 6. O-O Nc6 7. Ne5 Bd7 8. Na3
cxd4 9. Naxc4 Be7 10. Bf4 Nd5 11. Nxd7 Nxf4 12. Bxc6 bxc6 13. Nde5 Ng6 14. Nxc6
Qd5 15. Qa4 O-O 16. Rad1 Bf6 17. Nxd4 Bxd4 18. e3 Qb7 19. Rxd4 e5 20. Rd7 Qf3
21. Qd1 Qf5 22. Qd5 Rae8 23. Rd1 Qg4 24. f3 Qh3 25. e4 h5 26. Qd2 Qe6 27. b3 Qf6
28. Qe3 Rd8 29. Kg2 h4 30. Rxd8 Rxd8 31. Rxd8+ Qxd8 32. Qxa7 Qd3 33. Qe3 Qc2+
34. Qd2 Qb1 35. Ne3 Nf8 36. Nd5 Ne6 37. gxh4 Kh7 38. h5 Nd4 39. Nc3 Qa1 40. Ne2
Ne6 41. b4 Qb1 42. h4 Qa1 43. b5 Qb1 44. a4 Nc5 45. h6 gxh6 46. Qd5 Ne6 47. Qxe5
Qc2 48. Kf2 Qxa4 49. Nf4 Nd4 50. Nh5 Kg6 51. Qg7+ 1-0

[Event "4NCL 2023-24"]
[Site "England ENG"]
[Date "2024.01.14"]
[Round "4.6"]
[Board "7"]
[White "Walton, Alan J"]
[Black "Shafi, Declan"]
[Result "0-1"]
[WhiteTitle "CM"]
[WhiteElo "2021"]
[BlackElo "2224"]
[WhiteTeam "Chessable White Rose 2"]
[BlackTeam "Alba"]
[WhiteFideId "409898"]
[BlackFideId "2405156"]
[EventDate "2023.11.11"]

1. d4 Nf6 2. Bg5 d5 3. e3 c5 4. c3 Qb6 5. Qc2 Ne4 6. dxc5 Qxc5 7. Bh4 g5 8. Bg3
Bf5 9. Bxb8 Rxb8 10. Bd3 Bg6 11. Ne2 e5 12. Na3 Nd6 13. Bxg6 hxg6 14. Rd1 Nc4
15. Nxc4 Qxc4 16. Qd3 Rd8 17. Qxc4 dxc4 18. O-O Bd6 19. Rd5 Ke7 20. Rfd1 f5 21.
e4 Bc7 22. Ng3 Ke6 23. Rxd8 Bxd8 24. Nf1 Bb6 25. Nd2 Rd8 26. Kf1 g4 27. Ke2 Bc5
28. exf5+ gxf5 29. Ne4 Bb6 30. Nd2 Rc8 31. f3 gxf3+ 32. gxf3 Rh8 33. Nxc4 Rxh2+
34. Kd3 Rf2 35. Nd2 f4 36. Rh1 Be3 37. Rh6+ Kf5 38. Ne4 Rxf3 39. Rh5+ Kg4 40.
Rg5+ Kh4 41. Rxe5 Bb6+ 42. Kd2 Re3 43. Re7 f3 44. Rh7+ Kg4 45. Nf6+ Kf5 46. Nd5
Re2+ 47. Kd3 Rxb2 48. Ne3+ Kg6 49. Rxb7 f2 50. Nf1 Rb1 51. Ng3 f1=Q+ 52. Nxf1
Rxf1 53. Kc4 Ra1 54. Kb3 Rh1 55. a4 Rh5 56. Re7 Kf6 57. Re4 Re5 58. Rh4 Ke6 59.
Kc4 Kd6 60. Rh6+ Kc7 61. Kb3 Kb7 62. Rg6 Ka6 63. Rg4 Re6 64. Rg7 Rc6 65. Rg3 Bc7
66. Rh3 Rb6+ 67. Ka3 Kb7 68. Rh7 Kc6 69. Rh5 Bd6+ 70. Ka2 Kd7 71. Rh7+ Be7 72.
Rh3 Ke6 73. Rh7 Rb7 74. Rg7 Kd5 0-1

[Event "4NCL 2023-24"]
[Site "England ENG"]
[Date "2024.01.14"]
[Round "4.6"]
[Board "8"]
[White "Roy, Ali"]
[Black "Gostelow, Luke"]
[Result "0-1"]
[WhiteTitle "WFM"]
[WhiteElo "1948"]
[BlackElo "1895"]
[WhiteTeam "Alba"]
[BlackTeam "Chessable White Rose 2"]
[WhiteFideId "2400456"]
[BlackFideId "343403980"]
[EventDate "2023.11.11"]

1. Nf3 c5 2. g3 b5 3. Bg2 Bb7 4. O-O Nf6 5. d3 d6 6. Nbd2 e6 7. e4 Be7 8. Qe1
Nc6 9. c3 Qb6 10. Nh4 g5 11. Nhf3 g4 12. Nh4 Nd7 13. f4 O-O-O 14. a4 b4 15. Nc4
Qc7 16. Bd2 Ba6 17. cxb4 Bxc4 18. dxc4 cxb4 19. a5 Nc5 20. Qe3 Nxa5 21. Bxb4
Nxc4 22. Qc3 Nb6 23. Rfc1 Kb8 24. e5 Rc8 25. Qa3 d5 26. Bf1 Nc4 27. Bxc4 dxc4
28. Rxc4 Qd7 29. Kf1 Rc7 30. Bxc5 Qb5 31. Bxe7 Qxc4+ 32. Kg1 Ka8 33. Ng2 Rhc8
34. Bd6 Qd4+ 35. Qe3 Rc1+ 36. Rxc1 Rxc1+ 37. Kf2 Qxb2+ 38. Qe2 Rc2 0-1

[Event "4NCL 2023-24"]
[Site "England ENG"]
[Date "2024.02.10"]
[Round "5.1"]
[Board "1"]
[White "Lupulescu, Constantin"]
[Black "Claridge-Hansen, William"]
[Result "0-1"]
[WhiteTitle "GM"]
[BlackTitle "FM"]
[WhiteElo "2579"]
[BlackElo "2366"]
[WhiteTeam "Manx Liberty"]
[BlackTeam "Oxford 1"]
[WhiteFideId "1207822"]
[BlackFideId "422509"]
[EventDate "2023.11.11"]

1. e4 c5 2. Nf3 e6 3. c3 d5 4. e5 d4 5. Na3 Nc6 6. Bd3 Bd7 7. O-O g5 8. Qe2 h5
9. Ne1 Qb8 10. f4 gxf4 11. Nf3 Nh6 12. Re1 Rg8 13. b3 a6 14. Bb2 dxc3 15. Bxc3
b5 16. Nc2 Qa7 17. Kh1 Rd8 18. Rf1 Ne7 19. Ng1 Bc6 20. Ne1 Qb7 21. Nef3 Nef5 22.
Rae1 Rxd3 23. Qxd3 c4 24. bxc4 Bc5 25. Qe2 h4 26. d4 Bxd4 27. Bxd4 Nxd4 28. Qd3
Nhf5 29. cxb5 Bxb5 30. Qb1 h3 31. Nxh3 Rxg2 32. Nxf4 Rg4 33. Nh5 Nxf3 34. Nf6+
Kf8 0-1

[Event "4NCL 2023-24"]
[Site "England ENG"]
[Date "2024.02.10"]
[Round "5.1"]
[Board "2"]
[White "Macfarlane, Donald"]
[Black "Svane, Frederik"]
[Result "0-1"]
[BlackTitle "GM"]
[WhiteElo "2184"]
[BlackElo "2617"]
[WhiteTeam "Oxford 1"]
[BlackTeam "Manx Liberty"]
[WhiteFideId "343402100"]
[BlackFideId "12923044"]
[EventDate "2023.11.11"]

1. c4 e5 2. Nc3 Nc6 3. Nf3 Nf6 4. e3 Bb4 5. Qc2 Bxc3 6. Qxc3 Qe7 7. d3 d5 8.
cxd5 Nxd5 9. Qc2 Ndb4 10. Qc3 Nd4 11. Nxd4 exd4 12. Qd2 Qc5 13. exd4 Nc2+ 14.
Kd1 Nxd4 15. Qc3 Qh5+ 16. f3 Qe5 17. b4 Bd7 18. a4 O-O-O 19. Qc5 Qxc5 20. bxc5
Nb3 21. Ra3 Nxc5 22. a5 Bb5 23. Be3 Nxd3 24. Bxd3 Bxd3 25. Bxa7 Rhe8 26. Kc1 Re2
27. Rd1 Rc2+ 28. Kb1 Rd2+ 29. Kc1 Rc2+ 30. Kb1 Bg6 31. Rxd8+ Kxd8 32. g4 Rxh2+
33. Kc1 h5 34. gxh5 Rxh5 35. Kd2 f6 36. f4 Be4 37. Bd4 Rh2+ 38. Ke1 Kd7 39. Re3
Bd5 40. Bc5 Ra2 41. Re7+ Kc6 42. Bb4 Ra4 43. Bd2 Re4+ 44. Rxe4 Bxe4 45. Ke2 Kc5
46. Ke3 Bf5 47. Bc3 Kc4 48. Bb2 Kb4 49. Kd4 Kxa5 50. Kc5 Ka4 51. Bc1 Kb3 52. Kd5
Kc3 53. Ba3 g5 54. Be7 gxf4 55. Bxf6+ Kd3 56. Ke5 f3 0-1